000 00696nam a2200289Ia 4500
005 20260324135159.0
008 008 260324s9999 xx 000 0 eng d
020 _a9780429484742
037 _aEBOOK
040 _aCRL
040 _beng
040 _cCRL
041 _2eng
041 _aeng
084 _qCRL
100 _aFranco Borgogno; Parthenope Bion Talamo; Silvio A. Merciai
_91199630
245 0 _aW.R. Bion
245 0 _bBetween Past and Future
260 _bTaylor and Francis
260 _c2000
365 _a
365 _b205
856 _uhttp://www.taylorfrancis.com/books/9780429484742
942 _cEBOOK
999 _c1800443
_d1800443